El Teatre de 'Cavall Fort' / Joaquim Carbó
Descripción Física:
157 p., [8] p. de làm. ; 22 cm
Colección:
Monografies de Teatre ; 1
MARC
| LEADER | 00000nam a2200000Ia 4500 | ||
|---|---|---|---|
| 001 | 6862 | ||
| 008 | 160829s1975 xx 000 0 cat d | ||
| 080 | |a B-1-159 | ||
| 100 | |a Carbó, Joaquim |9 37977 | ||
| 245 | |a El Teatre de 'Cavall Fort' / Joaquim Carbó | ||
| 250 | |a 2a ed. | ||
| 260 | |a Barcelona : |b Institut del Teatre : |b Edicions 62, |c 1975 | ||
| 300 | |a 157 p., [8] p. de làm. ; |c 22 cm | ||
| 490 | |a Monografies de Teatre ; 1 | ||
| 650 | |a Cavall Fort |9 37978 | ||
| 650 | |a Teatre infantil |9 37979 | ||
| 710 | 2 | |a Instituto del Teatro (Barcelona, Catalunya) |9 54846 | |
| 901 | |a Arxiu | ||
| 942 | |n 1 |2 udc | ||
| 952 | |0 0 |1 0 |4 0 |6 B1159 |7 1 |9 48180 |a Arxiu |b Arxiu |d 2016-12-01 |l 0 |o B-1-159 |p 6862 |r 2016-12-01 00:00:00 |w 2016-12-01 |y ARXIU | ||
| 999 | |c 51986 |d 51986 | ||